<?xml version="1.0" encoding="UTF-8"?>
<record
    xmlns:xsi="http://www.w3.org/2001/XMLSchema-instance"
    xsi:schemaLocation="http://www.loc.gov/MARC21/slim http://www.loc.gov/standards/marcxml/schema/MARC21slim.xsd"
    xmlns="http://www.loc.gov/MARC21/slim">

  <leader>00994nam a2200229 a 4500</leader>
  <controlfield tag="001">BRCA_122</controlfield>
  <controlfield tag="005">20190320202905.0</controlfield>
  <controlfield tag="008">890106s1987----mx-a---##b---#000-0#spa-#</controlfield>
  <datafield tag="020" ind1=" " ind2=" ">
    <subfield code="a">968291521X</subfield>
  </datafield>
  <datafield tag="040" ind1=" " ind2=" ">
    <subfield code="a">DLC</subfield>
    <subfield code="c">DLC</subfield>
    <subfield code="d">DLC</subfield>
  </datafield>
  <datafield tag="050" ind1=" " ind2="4">
    <subfield code="a">N6555</subfield>
    <subfield code="b">.A78 1</subfield>
    <subfield code="c">1987</subfield>
  </datafield>
  <datafield tag="100" ind1="1" ind2=" ">
    <subfield code="a">M&#xE9;rida, Carlos</subfield>
    <subfield code="d">1891-</subfield>
    <subfield code="9">479</subfield>
  </datafield>
  <datafield tag="245" ind1="1" ind2="0">
    <subfield code="a">Escritos de Carlos M&#xE9;rida sobre arte</subfield>
    <subfield code="b">el muralismo</subfield>
    <subfield code="c">investigaci&#xF3;n, selecci&#xF3;n de textos y cronolog&#xED;a Xavier Guzm&#xE1;n ... [et al.].</subfield>
  </datafield>
  <datafield tag="260" ind1=" " ind2=" ">
    <subfield code="a">M&#xE9;xico</subfield>
    <subfield code="b">INBA : Centro Nacional de Investigaci&#xF3;n, Documentaci&#xF3;n e Informaci&#xF3;n de Artes Pl&#xE1;sticas (CENIDIAP) : Direcci&#xF3;n de Investigaci&#xF3;n y Documentaci&#xF3;n de las Artes</subfield>
    <subfield code="c">1987</subfield>
  </datafield>
  <datafield tag="300" ind1=" " ind2=" ">
    <subfield code="a">202 p.</subfield>
    <subfield code="b">il.</subfield>
    <subfield code="c">21 cm.</subfield>
  </datafield>
  <datafield tag="440" ind1=" " ind2="0">
    <subfield code="a">Colecci&#xF3;n Artes pl&#xE1;sticas.</subfield>
    <subfield code="p">Serie Investigaci&#xF3;n y documentaci&#xF3;n de las artes</subfield>
    <subfield code="v">1</subfield>
    <subfield code="9">480</subfield>
  </datafield>
  <datafield tag="504" ind1=" " ind2=" ">
    <subfield code="a">Incluye referencias bibliogr&#xE1;ficas</subfield>
  </datafield>
  <datafield tag="650" ind1="1" ind2="4">
    <subfield code="a">Artes visuales</subfield>
    <subfield code="y">Siglo XX y XXI</subfield>
    <subfield code="9">481</subfield>
  </datafield>
  <datafield tag="650" ind1="1" ind2="4">
    <subfield code="a">Pintura mural mexicana</subfield>
    <subfield code="y">Siglo XX</subfield>
    <subfield code="9">482</subfield>
  </datafield>
  <datafield tag="700" ind1="1" ind2=" ">
    <subfield code="a">Guzm&#xE1;n, Xavier</subfield>
    <subfield code="9">483</subfield>
  </datafield>
  <datafield tag="942" ind1=" " ind2=" ">
    <subfield code="2">lcc</subfield>
    <subfield code="c">B</subfield>
  </datafield>
  <datafield tag="999" ind1=" " ind2=" ">
    <subfield code="c">106</subfield>
    <subfield code="d">106</subfield>
  </datafield>
  <datafield tag="952" ind1=" " ind2=" ">
    <subfield code="0">0</subfield>
    <subfield code="1">0</subfield>
    <subfield code="4">0</subfield>
    <subfield code="7">0</subfield>
    <subfield code="a">BRCA</subfield>
    <subfield code="b">BRCA</subfield>
    <subfield code="d">2008-06-25</subfield>
    <subfield code="l">0</subfield>
    <subfield code="o">N6555 .A78 1 1987</subfield>
    <subfield code="p">00116</subfield>
    <subfield code="r">2019-03-22 00:00:00</subfield>
    <subfield code="w">2019-03-22</subfield>
    <subfield code="y">B</subfield>
  </datafield>
</record>
